000 00511nam a2200181Ia 4500
005 20250423095644.0
008 250422s9999 xx 000 0 und d
020 _a9781032009841
050 _aQA 76.88 .H63/
100 _aEdited by Terzo, Olivier
245 0 _aHPC, Big data and AI Convergence towards exascale
260 _aBoca Raton
260 _bCRC Press
260 _c2022
300 _axxvii, 293p.: ill.
650 _aHigh Performance Compuing big Data Artificial Intelligence
942 _cBK
999 _c30934
_d30934